=LDR 00000nam 2200000 4500 =001 000140 =020 $9786026724496 =082 $420.000 =100 $Fitri Rahmawati =245 $Ngomong bahasa inggris itu mudah dan gampang =250 $Cetakan II =264 $Bandung: BCI Media 2022 =300 $viii, 120 halaman; 19 cm. =650 $Bahasa =905 $420 FIT n =336 $$a =337 $$a =338 $$a =005 20260702151432.0 =008 260702s2026\\\\\\\\\\\\\\\\\\\\\\\\\\\\\\\\\\\\\\\\\